000
00257 a2200121 4500
000
nam a22 7a 4500
100
_a
kerr
110
_a
kerr
245
_a
Introduction To Biology
260
_b
cell pub
_c
2026
264
_b
cell pub
_c
2026
942
_c
BK
999
_c
394896
_d
394896